Educación para todos: formación docente, género y atención a la diversidad (Record no. 175997)
[ view plain ]
| 000 -CABECERA | |
|---|---|
| campo de control de longitud fija | 01800nab a2200325 a 4500 |
| 005 - FECHA Y HORA DE LA ÚLTIMA TRANSACCIÓN | |
| campo de control | 20210219162418.0 |
| 008 - ELEMENTOS DE LONGITUD FIJA--INFORMACIÓN GENERAL | |
| campo de control de longitud fija | 991125s1985 mx 000 0 spa u |
| 035 ## - NÚMERO DE CONTROL DEL SISTEMA | |
| Número de control de sistema | UPN01000203896 |
| 049 ## - COLECCIÓN | |
| Colección | ART-E |
| 100 1# - ASIENTO PRINCIPAL--NOMBRE PERSONAL | |
| Nombre de persona | González Gil, Francisca |
| 100 1# - ASIENTO PRINCIPAL--NOMBRE PERSONAL | |
| Filiación | frang@usal.es |
| 100 1# - ASIENTO PRINCIPAL--NOMBRE PERSONAL | |
| Nombre de persona | Martín Pastor, María Elena |
| 100 1# - ASIENTO PRINCIPAL--NOMBRE PERSONAL | |
| Filiación | emapa@usal.es |
| 222 #0 - TÍTULO CLAVE | |
| Título clave | CUESTIONES DE GENERO : |
| Información calificativa | DE LA IGUALDAD Y LA DIFERENCIA |
| 245 00 - MENCIÓN DE TÍTULO | |
| Título | Educación para todos: formación docente, género y atención a la diversidad |
| 260 ## - PUBLICACIÓN, DISTRIBUCIÓN, ETC. | |
| Lugar de publicación, distribución, etc. | España |
| 300 ## - DESCRIPCIÓN FÍSICA | |
| Extensión | 11-28 |
| 362 0# - FECHAS DE PUBLICACIÓN Y/O DESIGNACIÓN SECUENCIAL | |
| Fecha de publicación y/o designación secuencial | 2014 No. 9 |
| 336 ## - TIPO DE CONTENIDO | |
| Término de tipo de contenido | texto$2rdacontent |
| 337 ## - TIPO DE MEDIO | |
| Nombre/término del tipo de medio | computadora$2rdamedia |
| 338 ## - TIPO DE SOPORTE | |
| Nombre/término del tipo de soporte | recurso en linea$2rdacarrier |
| 520 3# - NOTA DE RESUMEN, ETC. | |
| Sumario, etc. | A lo largo de la historia nos encontramos con numerosos colectivos de nuestra sociedad que han sido, y en ocasiones siguen siéndolo, objeto de exclusión tanto educativa como social: mujeres, personas con discapacidad, minorías étnicas y culturales, etc., poniendo de manifiesto la importancia de construir una escuela para todos que les proporcione la respuesta adecuada a sus necesidades. Así, la formación del profesorado para la inclusión se convierte en una herramienta clave que permita lograr dicho objetivo. En este artículo presentamos un estudio sobre las necesidades de formación docente para la inclusión que el profesorado de Castilla y León encuentra a la hora de abordar de manera coherente la atención a la diversidad del alumnado con el que trabajan (género, cultura, etc.). |
| 653 0# - TERMINO DE INDIZACION - NO CONTROLADO | |
| Término no controlado | INCLUSION EDUCATIVA |
| 653 0# - TERMINO DE INDIZACION - NO CONTROLADO | |
| Término no controlado | FORMACION DOCENTE |
| 653 0# - TERMINO DE INDIZACION - NO CONTROLADO | |
| Término no controlado | DIVERSIDAD EDUCATIVA |
| 653 0# - TERMINO DE INDIZACION - NO CONTROLADO | |
| Término no controlado | GENERO |
| 856 4# - LOCALIZACIÓN Y ACCESO ELECTRÓNICOS | |
| Identificador Uniforme del Recurso | <a href="http://revpubli.unileon.es/ojs/index.php/cuestionesdegenero/article/view/1151/1018">http://revpubli.unileon.es/ojs/index.php/cuestionesdegenero/article/view/1151/1018</a> |
| 905 ## - TIPO DE MATERIAL | |
| Tipo de material | Articulo |
No items available.
